[Event "22nd OIBM 2018"]
[Site "Gmund am Tegernsee"]
[Date "2018.11.01"]
[Round "6"]
[White "Delitzsch, Juergen"]
[Black "Perske, Thore"]
[Result "0-1"]
[WhiteElo "2178"]
[BlackElo "2454"]
[Annotator "TA"]
[PlyCount "102"]
[EventDate "2018.10.27"]
[EventType "swiss"]
[EventCountry "GER"]
[SourceTitle "playchess.com"]
[Source "ChessBase"]
[SourceQuality "1"]

{[%evp 23,102,24,33,13,0,-54,-50,-62,69,53,85,85,66,70,102,100,131,37,129,89,87,81,86,24,65,21,34,13,25,0,10,0,0,0,0,0,174,162,213,0,4,-82,-72,-77,-76,-81,-86,-83,-84,-81,-86,-134,-132,-106,-100,-187,-172,-210,-172,-237,-243,-400,-398,-393,-389,-381,-377,-368,-363,-360,-386,-902,-916,-968,-941,-1478,-1408,-1839,-1860,-5052,-2864]} 1. d4 Nf6 2. c4 g6 3. Nc3 Bg7 4. e4 d6 5. f3 O-O 6. Be3 Nc6 7. Nge2 a6 8. Qd2 Na5 {E83: King's Indian: Sämisch Panno (6...Nc6): Lines without either Nge2 or Qd2} 9. Nc1 (9. b3 b5 10. cxb5 axb5 11. Rc1 c6 12. Ng3 h5 13. Bd3 e5 14. Nge2 b4 15. Na4 exd4 16. Bxd4 {0-1 (23) Topalov,V (2760)-Nakamura,H (2779) Saint Louis 2016}) 9... Nd7 10. b4 Nc6 11. Rb1 e5 12. d5 Nd4 {LiveBook: 19 Games} 13. N1e2 {[%cal Re2d4]} a5 14. a3 (14. b5 $11) 14... axb4 15. axb4 {[%cal Re2d4]} Nxe2 $146 ({Black should try} 15... f5 $1 $15) ({Predecessor:} 15... f5 16. Nxd4 exd4 17. Bxd4 Bxd4 18. Qxd4 {1-0 (68) Rietze,C (2359)-Roseneck,J (2107) Kreuzberg 2016}) 16. Bxe2 $14 f5 17. O-O Nf6 18. c5 f4 19. Bf2 g5 {[%cal Bg6g5,Bg5g4][%mdl 32]} 20. Rfc1 ({White should play} 20. c6 $16) 20... h5 ({Better is} 20... g4 $1 $14) 21. cxd6 cxd6 22. Nb5 {[#] Black must now prevent Nc7.} Ne8 23. Rc2 (23. Na7 $16) 23... Rf7 24. Rbc1 g4 25. Kh1 Bf6 {[%cal Bg7f6,Bf6h4,Bh4g3][%mdl 32]} 26. Bg1 Bh4 27. Ra2 Rxa2 28. Qxa2 Bd7 29. Qa5 Qg5 $2 {[#]} (29... gxf3 $11 {and Black stays safe.} 30. gxf3 Qxa5 31. bxa5 Bf6) 30. Nc7 $1 $18 Ng7 (30... Qd8 {keeps fighting.}) 31. Qa2 $2 (31. Qa8+ $18 Kh7 32. Qxb7) 31... Bg3 $11 32. Ne6 ({Wrong is} 32. hxg3 $2 fxg3 33. Be3 (33. Qa8+ $2 Rf8 $19) 33... Qh4+ 34. Kg1 gxf3 $19) (32. Qa8+ $11 {keeps the balance.} Rf8 33. Qxb7) 32... Qh4 $17 {...Bxh2! is the strong threat.} 33. Qa8+ Kh7 34. Qd8 Nxe6 35. Qxh4 Bxh4 36. dxe6 Bxe6 37. Rd1 Be7 38. b5 Rf8 39. Ra1 (39. Rc1 $17 {was necessary.} Rc8 40. Rxc8 Bxc8 41. Bc4) 39... Rb8 40. Ra7 Bd8 41. g3 (41. Ra1 $142) 41... d5 $19 42. gxf4 $2 (42. Bd3 d4 43. gxf4) 42... dxe4 43. fxe4 exf4 {[%cal Be5f4,Bf4f3][%mdl 32]} 44. Bd4 f3 45. Bf1 Kg8 46. Kg1 Bg5 47. b6 $2 (47. Bf2 Kg7 48. b6) 47... Rd8 {Black is clearly winning.} 48. Bc5 Rd1 {Strongly threatening ...Bc4.} 49. Ra4 Bb3 50. Rb4 Bc2 51. Rb2 Bd3 {Precision: White = 28%, Black = 55%.} 0-1

[Event "22nd OIBM 2018"]
[Site "Gmund am Tegernsee"]
[Date "2018.11.01"]
[Round "6"]
[White "Boehm, Juergen"]
[Black "Hoffmann, Michael"]
[Result "1/2-1/2"]
[WhiteElo "2174"]
[BlackElo "2441"]
[Annotator "TA"]
[PlyCount "65"]
[EventDate "2018.10.27"]
[EventType "swiss"]
[EventCountry "GER"]
[SourceTitle "playchess.com"]
[Source "ChessBase"]
[SourceQuality "1"]

{[%evp 21,65,26,19,0,8,-28,-25,-17,-10,-51,-5,-5,-7,-10,-6,-6,0,-3,0,0,1,-4,0,-2,0,-3,0,0,0,-27,-27,-20,-19,-14,-13,-9,0,0,0,0,0,0,0,-1,0,0]} 1. d4 d5 2. c4 e6 3. Nc3 Nf6 4. Bg5 Be7 5. e3 Nbd7 6. Nf3 h6 7. Bh4 O-O 8. Rc1 c5 {D63: Queen's Gambit Declined: Classical: 7 Rc1} 9. cxd5 Nxd5 10. Bxe7 Nxe7 11. dxc5 Nxc5 {LiveBook: 5 Games} 12. Qxd8 Rxd8 13. Rd1 $146 ({Predecessor:} 13. b4 Nd7 14. Bd3 Nc6 15. a3 Nce5 16. Bb1 Nxf3+ 17. gxf3 {1-0 (49) Nakamura,H (2787)-Fressinet,L (2687) Paris 2016}) 13... Rxd1+ 14. Kxd1 Bd7 15. Be2 Rc8 16. Ne5 Be8 17. Nd3 Na4 18. Nxa4 Bxa4+ 19. b3 Bb5 20. Kd2 Nd5 21. a3 Rd8 22. Rc1 e5 {Strongly threatening ...e4.} 23. Ke1 {[#]} Nxe3 $1 {[%mdl 512]} 24. fxe3 Bxd3 $11 {[%mdl 4096] Endgame KRB-KRB} 25. Rd1 e4 26. Bxd3 exd3 {KR-KR. The position is equal.} 27. Kd2 Rc8 28. Kxd3 Kf8 29. Rf1 Rd8+ 30. Ke2 Rc8 31. Kd3 Rd8+ 32. Ke2 Rc8 33. Kd3 {Precision: White = 61%, Black = 59%.} 1/2-1/2

[Event "22nd OIBM 2018"]
[Site "Gmund am Tegernsee"]
[Date "2018.11.01"]
[Round "6"]
[White "Renner, Kai"]
[Black "Souleidis, Georgios"]
[Result "1/2-1/2"]
[WhiteElo "2159"]
[BlackElo "2436"]
[Annotator "TA"]
[PlyCount "80"]
[EventDate "2018.10.27"]
[EventType "swiss"]
[EventCountry "GER"]
[SourceTitle "playchess.com"]
[Source "ChessBase"]
[SourceQuality "1"]

{[%evp 14,80,-2,-37,54,54,92,92,92,92,91,56,47,47,48,46,51,54,62,30,48,7,13,0,20,13,6,6,18,-15,27,15,32,-3,0,0,0,0,0,0,0,0,0,0,18,0,34,33,33,34,29,0,42,0,0,0,0,0,0,0,0,0,0,0,0,0,0,0,0]} 1. e4 e5 2. Nf3 Nc6 3. Bb5 a6 4. Ba4 d6 5. O-O Bg4 6. c3 Qf6 7. d3 Nge7 8. Be3 {LiveBook: 5 Games. C72: Ruy Lopez: Deferred Steinitz: 5 0-0} Ng6 ({Black should play} 8... Bxf3 $1 $15 9. Qxf3 Qxf3 10. gxf3 f5) (8... Bxf3 9. Qxf3 Qxf3 10. gxf3 O-O-O 11. f4 g6 12. fxe5 dxe5 13. Bc2 h5 14. Nd2 g5 15. b4 Bh6 {1-0 (40) Howell,D (2676)-Hawkins,J (2579) London 2017}) 9. Nbd2 $14 Nf4 10. Bxf4 {White is better.} Qxf4 11. Bxc6+ bxc6 12. d4 $146 ({Predecessor:} 12. Qa4 Bd7 13. Qb3 Qf6 14. Nc4 c5 15. Ne3 Qd8 {0-1 (60) Fortus,O-Solomaha,A (2384) Kharkov 2004}) 12... exd4 13. cxd4 Be7 14. Qa4 Bd7 {[%cal Bg4d7,Bd7e6,Be6d5][%mdl 32]} 15. Qa5 Ra7 16. Rfe1 O-O 17. e5 Be6 18. Re3 Rb8 19. Qc3 Bd5 20. Rae1 {[#] And now exd6 would win.} Bf8 21. h3 Raa8 22. Qc2 a5 23. a3 dxe5 24. dxe5 Rb5 25. Ne4 Rab8 26. Neg5 {[%csl Gg5][%cal Rc2h7] [#]} g6 27. e6 fxe6 28. Nxe6 Qd6 29. Nxf8 Qxf8 30. Qa4 Rxb2 31. Qxa5 Qd6 32. Ng5 {Re8+ is the strong threat.} Rb1 33. Rxb1 Rxb1+ {The position is equal.} 34. Re1 Rxe1+ 35. Qxe1 Qxa3 36. Qe8+ Kg7 37. Qe5+ Kg8 38. Qe8+ Kg7 39. Qe5+ Kg8 40. Qe8+ Kg7 {Precision: White = 61%, Black = 56%.} 1/2-1/2

[Event "22nd OIBM 2018"]
[Site "Gmund am Tegernsee"]
[Date "2018.11.01"]
[Round "6"]
[White "Gohla, Ulf"]
[Black "Meins, Gerlef"]
[Result "1/2-1/2"]
[WhiteElo "2158"]
[BlackElo "2408"]
[Annotator "ChessBase"]
[PlyCount "59"]
[EventDate "2018.10.27"]
[EventType "swiss"]
[EventCountry "GER"]
[SourceTitle "playchess.com"]
[Source "ChessBase"]
[SourceQuality "1"]
[TimeControl "40/5400+30:1800+30"]

1. d4 {[%emt 0:00:00]} Nf6 {[%emt 0:00:00]} 2. c4 {[%emt 0:00:00]} e6 {[%emt 0:00:00]} 3. Nc3 {[%emt 0:00:00]} Bb4 {[%emt 0:00:00]} 4. Qc2 {[%emt 0:00:00]} c5 {[%emt 0:03:51]} 5. dxc5 {[%emt 0:00:00]} Na6 {[%emt 0:02:28]} 6. a3 {[%emt 0:00:00]} Bxc3+ {[%emt 0:01:00]} 7. Qxc3 {[%emt 0:00:00]} Nxc5 {[%emt 0:00:18]} 8. b4 {[%emt 0:01:43]} Nce4 {[%emt 0:03:51]} 9. Qd4 {[%emt 0:02:16]} d5 {[%emt 0:01:18]} 10. c5 {[%emt 0:02:11]} b6 {[%emt 0:02:50]} 11. f3 {[%emt 0:01:06]} bxc5 {[%emt 0:00:36]} 12. bxc5 {[%emt 0:00:06]} Qa5+ {[%emt 0:01:34]} 13. Qb4 {[%emt 0:00:05]} Qxb4+ {[%emt 0:00:13]} 14. axb4 {[%emt 0:00:02]} Nc3 {[%emt 0:00:08]} 15. e3 {[%emt 0:09:15]} e5 {[%emt 0:09:46]} 16. Bb2 {[%emt 0:07:46]} d4 {[%emt 0:00:10]} 17. Bxc3 {[%emt 0:03:24]} dxc3 {[%emt 0:00:03]} 18. Bb5+ {[%emt 0:08:56]} Ke7 {[%emt 0:09:02]} 19. Ne2 {[%emt 0:13:54]} a6 {[%emt 0:07:11]} 20. Nxc3 {[%emt 0:07:02]} Rb8 {[%emt 0:00:54]} 21. Bxa6 {[%emt 0:03:15]} Rxb4 {[%emt 0:07:35]} 22. Be2 {[%emt 0:04:23]} Bb7 {[%emt 0:09:47]} 23. Kf2 {[%emt 0:05:35]} Rc8 {[%emt 0:11:35]} 24. Rhb1 {[%emt 0:07:10]} Rxb1 {[%emt 0:00:33]} 25. Rxb1 {[%emt 0:00:01]} Bc6 {[%emt 0:04:23]} 26. Bb5 {[%emt 0:07:27]} Nd7 {[%emt 0:02:37]} 27. Na4 {[%emt 0:04:43]} Rb8 {[%emt 0:05:11]} 28. Nb6 {[%emt 0:02:04]} Bxb5 {[%emt 0:01:32]} 29. Rxb5 {[%emt 0:00:04]} Ke6 {[%emt 0:01:47]} 30. e4 {[%emt 0:04:27]} 1/2-1/2

[Event "22nd OIBM 2018"]
[Site "Gmund am Tegernsee"]
[Date "2018.11.01"]
[Round "6"]
[White "Schatz, Christian"]
[Black "Zajogin, Alexander"]
[Result "0-1"]
[WhiteElo "2153"]
[BlackElo "2408"]
[Annotator "ChessBase"]
[PlyCount "86"]
[EventDate "2018.10.27"]
[EventType "swiss"]
[EventCountry "GER"]
[SourceTitle "playchess.com"]
[Source "ChessBase"]
[SourceQuality "1"]
[TimeControl "40/5400+30:1800+30"]

1. Nf3 {[%emt 0:00:00]} Nf6 {[%emt 0:00:00]} 2. d4 {[%emt 0:00:41]} e6 {[%emt 0:00:00]} 3. g3 {[%emt 0:01:04]} b5 {[%emt 0:03:00]} 4. a4 {[%emt 0:01:04]} b4 {[%emt 0:00:28]} 5. c4 {[%emt 0:00:44]} c5 {[%emt 0:03:09]} 6. Bg2 {[%emt 0:03:00]} d5 {[%emt 0:01:39]} 7. O-O {[%emt 0:01:13]} cxd4 {[%emt 0:07:24]} 8. Nxd4 {[%emt 0:13:51]} Be7 {[%emt 0:09:11]} 9. Bf4 {[%emt 0:04:34]} Bb7 {[%emt 0:03:40]} 10. Nb5 {[%emt 0:01:09]} Na6 {[%emt 0:03:19]} 11. Nd2 {[%emt 0:01:34]} O-O {[%emt 0:02:23]} 12. Rc1 {[%emt 0:05:44]} Nc5 {[%emt 0:13:26]} 13. Be3 {[%emt 0:16:04]} a6 {[%emt 0:31:19]} 14. cxd5 {[%emt 0:11:42]} axb5 {[%emt 0:00:07]} 15. Bxc5 {[%emt 0:00:49]} Bxc5 {[%emt 0:00:48]} 16. Rxc5 {[%emt 0:00:11]} bxa4 {[%emt 0:01:16]} 17. Rb5 {[%emt 0:06:29]} Qd7 {[%emt 0:03:18]} 18. Rxb4 {[%emt 0:05:24]} Nxd5 {[%emt 0:02:14]} 19. Rh4 {[%emt 0:01:59]} Qb5 {[%emt 0:03:14]} 20. Qb1 {[%emt 0:09:29]} h6 {[%emt 0:00:27]} 21. Ne4 {[%emt 0:02:02]} Rfd8 {[%emt 0:00:51]} 22. e3 {[%emt 0:00:30]} f5 {[%emt 0:04:10]} 23. Nc3 {[%emt 0:01:02]} Nxc3 {[%emt 0:00:05]} 24. bxc3 {[%emt 0:00:11]} Qxb1 {[%emt 0:00:13]} 25. Rxb1 {[%emt 0:00:06]} Bxg2 {[%emt 0:00:10]} 26. Kxg2 {[%emt 0:00:03]} a3 {[%emt 0:00:13]} 27. Rhb4 {[%emt 0:02:06]} a2 {[%emt 0:00:30]} 28. Ra1 {[%emt 0:00:07]} Rd2 {[%emt 0:00:11]} 29. e4 {[%emt 0:02:54]} Ra3 {[%emt 0:00:54]} 30. exf5 {[%emt 0:00:55]} exf5 {[%emt 0:00:27]} 31. Rd4 {[%emt 0:03:49]} Rxd4 {[%emt 0:01:56]} 32. cxd4 {[%emt 0:00:04]} Kf7 {[%emt 0:00:05]} 33. Kf1 {[%emt 0:01:41]} Ke6 {[%emt 0:00:03]} 34. Ke2 {[%emt 0:00:06]} Kd5 {[%emt 0:00:05]} 35. Kd2 {[%emt 0:00:08]} Kc4 {[%emt 0:00:39]} 36. Kc2 {[%emt 0:00:15]} Rf3 {[%emt 0:00:07]} 37. Rf1 {[%emt 0:01:28]} Rxf2+ {[%emt 0:00:07]} 38. Rxf2 {[%emt 0:00:05]} a1=Q {[%emt 0:00:05]} 39. Rd2 {[%emt 0:00:55]} Qa4+ {[%emt 0:00:23]} 40. Kb2 {[%emt 0:00:25]} Qb3+ {[%emt 0:00:17]} 41. Kc1 {[%emt 0:30:11]} Kc3 {[%emt 0:30:50]} 42. Rf2 {[%emt 0:00:31]} Kxd4 {[%emt 0:01:44]} 43. Kd2 {[%emt 0:00:22]} Ke5 0-1

[Event "22nd OIBM 2018"]
[Site "Gmund am Tegernsee"]
[Date "2018.11.01"]
[Round "6"]
[White "Gruettner, Ralf"]
[Black "Ries, Berthold"]
[Result "1/2-1/2"]
[WhiteElo "2112"]
[BlackElo "1862"]
[Annotator "TA"]
[PlyCount "113"]
[EventDate "2018.10.27"]
[EventType "swiss"]
[EventCountry "GER"]
[SourceTitle "playchess.com"]
[Source "ChessBase"]
[SourceQuality "1"]

{[%evp 15,113,-6,-7,-38,-25,-43,-41,-77,-39,-75,-36,-59,-46,-47,-54,-50,-26,-37,-23,-27,-27,-39,-50,-68,-31,-79,-55,-58,-56,-60,-25,-30,-19,-52,-66,-37,0,-77,-54,-82,-19,-71,-60,-99,-83,-95,-50,-136,-94,-81,-93,-148,-65,-90,-60,-73,0,0,0,-6,0,-9,0,0,0,-40,-43,-36,-12,-24,70,0,0,0,30,-90,67,0,8,8,15,10,12,8,14,13,14,14,36,27,31,16,31,19,33,33,44,0,33,0]} 1. e4 c5 2. Nc3 a6 3. g3 b5 4. Bg2 Bb7 5. d3 d6 6. Nf3 e6 7. O-O Nf6 8. h3 Be7 9. Qe2 {A05: Réti Opening: 1 Nf3 Nf6} (9. Re1 Nc6 10. Bf4 b4 11. Ne2 e5 12. Bg5 O-O 13. g4 Ne8 14. Be3 Nd4 15. Ng3 Nxf3+ 16. Qxf3 Bg5 {1-0 (80) Cao,S (2535)-Arnaudov,P (2369) Plovdiv 2008}) 9... O-O 10. Kh2 $146 ({Predecessor:} 10. Nh2 d5 11. e5 Nfd7 12. f4 Nc6 13. Nd1 Qc7 14. Ne3 Rae8 15. Nhg4 Kh8 {1-0 (29) Cukrowski,F (2381)-Pacan Milej,K (2127) Polanica Zdroj 2016}) 10... Nc6 11. Nd1 {Black is slightly better.} Rc8 12. c3 a5 13. Nd2 Ba6 14. f4 d5 15. e5 Ne8 16. Nf3 g6 17. Nf2 Ng7 18. g4 b4 19. Be3 a4 20. Rfd1 a3 21. cxb4 axb2 22. Qxb2 cxb4 23. Rac1 Qa5 24. Nd4 Nxd4 25. Bxd4 Qa3 26. Qb1 (26. Qxa3 $11 bxa3 27. Kg3) 26... Bb5 27. Kg3 Qa6 (27... g5 $17 {White must now prevent ...gxf4+.} 28. fxg5 Bxg5 29. Rxc8 Rxc8) 28. Bf1 (28. Bf3 $11) 28... Ba4 29. Rxc8 Rxc8 ({Don't play} 29... Qxc8 $6 30. Rc1 $11) 30. Rc1 Rc6 31. Nd1 ({Better is} 31. Be3 $15) 31... Qc8 32. Rxc6 Qxc6 33. Ne3 {[#]} (33. Be2 $142) 33... h6 (33... Ne8 $1 $17 34. g5 Nc7) 34. Qb2 h5 35. Be2 Bb5 (35... hxg4 $17 36. hxg4 Ne8) 36. Nc2 $11 Qa6 37. Qb3 Ba4 38. Qb2 $1 Qb5 39. Bf2 Qb7 40. Be1 {[%cal Rc2b4]} Bxc2 41. Qxc2 hxg4 42. hxg4 Ne8 (42... Qb6 $11 43. Kg2 Qd4) 43. Qb2 (43. d4 $14) 43... Nc7 44. d4 Qb6 45. a3 {[#]} (45. a4 $11 {keeps the balance.}) 45... b3 $2 (45... Nb5 $1 $17 46. Bxb5 Qxb5 47. axb4 Qd3+ 48. Kh2 Qd1) 46. Bf2 (46. Bc3 $14) 46... Qa5 47. Qxb3 {Hoping for a4.} Bxa3 48. Bd3 Bb4 49. Kf3 (49. Qd1 {feels hotter.} Qa3 50. Be3 Nb5 51. Kf3 Nc3 52. Qc2) 49... Qa3 (49... Kg7 {looks sharper.} 50. Qb1 Bd2 51. Qc2 Bc3 52. Qc1 Bd2) 50. Qxa3 Bxa3 {[%mdl 4096] Endgame KBB-KBN} 51. Be1 Bb2 52. Ba5 Ne8 53. Bb6 Ng7 54. Bc5 Bc1 55. Bc2 Bd2 56. Bd3 Bc1 57. Bc2 {Precision: White = 29%, Black = 38%.} 1/2-1/2

[Event "22nd OIBM 2018"]
[Site "Gmund am Tegernsee"]
[Date "2018.11.01"]
[Round "6"]
[White "Sarvadh Sathiaram"]
[Black "Wacker, Peter"]
[Result "0-1"]
[WhiteElo "2089"]
[BlackElo "2313"]
[Annotator "TA"]
[PlyCount "102"]
[EventDate "2018.10.27"]
[EventType "swiss"]
[EventCountry "GER"]
[SourceTitle "playchess.com"]
[Source "ChessBase"]
[SourceQuality "1"]

{[%evp 18,102,2,0,0,0,5,-9,75,89,87,72,71,67,82,41,45,33,52,24,20,0,0,0,-10,-27,-33,-41,-13,-10,0,-27,-5,-9,-14,-25,-2,-37,-45,-44,-39,-105,-97,-94,0,-42,-45,-147,-134,-176,-103,-178,-183,-162,-171,-353,-345,-345,-317,-329,-265,-260,-241,-288,-305,-303,-262,-367,-362,-468,-281,-472,-466,-457,-447,-478,-385,-478,-506,-521,-514,-499,-491,-544,-539,-724,-726]} 1. e4 e5 2. Nf3 Nc6 3. Bc4 Bc5 4. c3 Nf6 5. d4 exd4 6. e5 d5 7. Bb5 Ne4 8. cxd4 Bb6 9. h3 O-O 10. O-O {LiveBook: 25 Games} Bd7 {C54: Giuoco Piano: 4 c3 Nf6, main lines with 5 d4 and 5 d3} (10... f6 11. Bxc6 bxc6 12. Be3 f5 13. Qc1 f4 14. Bxf4 c5 15. dxc5 Nxc5 16. Be3 Nd3 17. Qd1 Ba6 18. Nc3 {1-0 (58) Jobava,B (2707)-Kramnik,V (2808) Leuven 2017}) 11. Ba4 f6 12. Nc3 Nxc3 $146 (12... fxe5 $11 13. Nxe4 dxe4) ({Predecessor:} 12... Ne7 13. Bb3 Nxc3 14. bxc3 f5 15. Ba3 Be6 16. Ng5 Qd7 17. Nxe6 Qxe6 18. Bxe7 Qxe7 19. Bxd5+ {1-0 (33) Baum,J (1851)-Janousek,P (2212) Tatranske Zruby 2016}) 13. bxc3 $16 fxe5 14. Bxc6 $1 Bxc6 15. Nxe5 Be8 16. Qg4 Qc8 17. Ba3 Rf6 18. f4 c5 19. Rad1 cxd4 20. cxd4 Ba4 21. Qxc8+ (21. Rd2 {seems wilder.} Qxg4 22. hxg4 Rc8 23. g5 Re6 24. Rff2) 21... Rxc8 22. Rd2 Ba5 23. Rdf2 $1 Bb6 24. Rd2 Bb5 25. Rf3 Re6 26. Bb4 Ree8 (26... a5 {seems wilder.} 27. Ba3 Ba4 28. g4 Bd8 29. Kh2 Bc2) 27. Rc3 Rxc3 28. Bxc3 Rc8 29. Bb2 {[#]} (29. Bb4 $15) 29... Ba5 $1 $17 {[%cal Ra5d2]} 30. Rd1 Bb6 ({Black should try} 30... g6 $17 {And now ...Rc2 would win.} 31. Rc1 Rxc1+ 32. Bxc1 Bc3) 31. Rd2 $1 $15 g6 32. Ng4 {[#]} (32. g4 $15) 32... Ba5 $1 $17 {[%cal Ra5d2]} 33. Rd1 Kg7 ({Black should play} 33... Rc2 $19 34. Ba3 Rxa2) 34. Rc1 (34. Ne3 $17 {was called for.}) 34... Rxc1+ $19 35. Bxc1 {[%mdl 4096] Endgame KBB-KBN} Bc3 36. Be3 $2 (36. Kf2) 36... Bc4 37. a3 Bb2 38. a4 Bc3 39. Kf2 Bb3 40. Ke2 Bxa4 41. Kd3 Bb4 42. h4 (42. Bd2 $142 Bb5+ 43. Kc2) 42... Bd7 43. Ne5 Bf5+ 44. Ke2 h5 45. Bd2 Bd6 46. Ba5 Ba3 47. Kd2 b6 {Black is clearly winning.} 48. Bc3 Kf6 49. Ba1 Ke6 50. Kc3 Bc1 51. g3 Be3 {Precision: White = 27%, Black = 60%.} 0-1

[Event "22nd OIBM 2018"]
[Site "Gmund am Tegernsee"]
[Date "2018.11.01"]
[Round "6"]
[White "Kick, Joachim"]
[Black "Stark, Lars"]
[Result "0-1"]
[WhiteElo "2070"]
[BlackElo "2374"]
[Annotator "NA"]
[PlyCount "58"]
[EventDate "2018.10.27"]
[EventType "swiss"]
[EventCountry "GER"]
[SourceTitle "playchess.com"]
[Source "ChessBase"]
[SourceQuality "1"]
[TimeControl "40/5400+30:1800+30"]

1. Nf3 {[%emt 0:00:00]} Nf6 {[%emt 0:00:00]} 2. c4 {[%emt 0:00:00]} e6 {[%emt 0:00:01]} 3. Nc3 {[%emt 0:00:00]} Bb4 {[%emt 0:01:07]} 4. Qc2 {[%emt 0:00:18]} c5 {[%emt 0:01:27]} 5. a3 {[%emt 0:00:42]} Ba5 {[%emt 0:00:26]} 6. g3 {[%emt 0:01:37]} Nc6 {[%emt 0:01:03]} 7. Bg2 {[%emt 0:00:46]} O-O {[%emt 0:00:14]} 8. O-O {[%emt 0:04:43]} d6 {[%emt 0:06:04]} 9. e3 {[%emt 0:01:44] A17: English Opening: 1...Nf6 with ...Bb4} e5 {[%emt 0:12:22]} 10. b3 {[%emt 0:11:00]} (10. Nd5 h6 11. Rb1 Nxd5 12. cxd5 Ne7 13. b4 cxb4 14. axb4 Bb6 15. Qb3 Bg4 16. d3 f5 {0-1 (29) Shchekachev,A (2540)-Rodshtein,M (2678) Brest 2018}) 10... h6 {[%emt 0:15:37]} 11. d4 $146 {[%emt 0:12:38]} ({Predecessor:} 11. Bb2 Bg4 12. Nh4 Qd7 13. f4 Bxc3 14. Bxc3 Rfe8 15. e4 Nh7 16. d3 Rab8 {0-1 (16) Ranaivojaona,R (1881)-Guidici,G (2327) France AJEC 2002}) 11... Bxc3 {[%emt 0:09:08]} 12. Qxc3 {[%emt 0:00:08]} cxd4 {[%emt 0:00:41]} 13. exd4 {[%emt 0:00:10]} e4 {[%emt 0:00:06]} 14. Nd2 {[%emt 0:01:37]} d5 {[%emt 0:00:04]} 15. Bb2 {[%emt 0:03:29]} Bg4 {[%emt 0:05:31]} 16. f3 {[%emt 0:05:18]} exf3 {[%emt 0:00:08]} 17. Nxf3 {[%emt 0:00:17]} Bxf3 {[%emt 0:03:25]} 18. Bxf3 {[%emt 0:05:00]} Re8 {[%emt 0:01:35]} 19. Rae1 {[%emt 0:01:21]} Qd7 {[%emt 0:01:55]} 20. b4 {[%emt 0:05:34]} a6 {[%emt 0:01:28]} 21. c5 {[%emt 0:16:27]} Rxe1 {[%emt 0:01:49]} 22. Rxe1 {[%emt 0:00:07]} Re8 {[%emt 0:00:38]} 23. Kg2 Rxe1 {[%emt 0:07:35]} 24. Qxe1 {[%emt 0:14:05]} Qf5 {[%emt 0:00:08]} 25. Qe2 {[%emt 0:03:41]} Qb1 {[%emt 0:01:09]} 26. b5 {[%emt 0:04:16]} axb5 {[%emt 0:00:16]} 27. Qxb5 {[%emt 0:00:09]} Nxd4 {[%emt 0:00:17]} 28. Qxb7 {[%emt 0:03:16]} Qc2+ {[%emt 0:00:31]} 29. Kh3 {[%emt 0:00:07]} Qf5+ {[%emt 0:00:24]} 0-1

[Event "22nd OIBM 2018"]
[Site "Gmund am Tegernsee"]
[Date "2018.11.01"]
[Round "6"]
[White "Schmidt, Gerhard"]
[Black "Slugin, Sergey"]
[Result "0-1"]
[WhiteElo "2068"]
[BlackElo "2362"]
[Annotator "TA"]
[PlyCount "120"]
[EventDate "2018.10.27"]
[EventType "swiss"]
[EventCountry "GER"]
[SourceTitle "playchess.com"]
[Source "ChessBase"]
[SourceQuality "1"]

{[%evp 19,119,-13,14,-16,0,-26,-19,-21,-33,-24,39,14,34,22,27,0,0,0,0,0,0,0,0,0,0,0,0,0,14,0,0,0,7,8,7,11,12,10,10,0,27,10,10,11,37,37,37,37,37,30,37,37,37,36,36,18,65,0,0,0,0,0,0,0,0,0,0,0,0,0,0,0,0,0,0,0,8,0,0,0,0,0,0,-8,-8,-8,-8,-8,-8,-8,-8,-8,-8,-8,-8,-8,-8,-8,-8,-8,-8,-8]} 1. Nf3 g6 2. c4 Bg7 3. d4 d6 4. g3 Nd7 5. Bg2 e5 6. e4 exd4 7. Nxd4 Ne7 8. Nc3 Nc6 9. Nxc6 bxc6 10. O-O O-O 11. f4 {A42: Modern Defence: Averbakh Variation} (11. Qc2 Qf6 12. Ne2 Nc5 13. Rb1 a5 14. b3 Qe7 15. Be3 f5 16. Bxc5 dxc5 17. e5 Qxe5 18. Bxc6 Ra6 19. Bd5+ Kh8 {½-½ (75) Abasov,N (2575)-Bogdanovich,S (2593) Istanbul 2017}) 11... Ba6 12. Qd3 $146 ({Predecessor:} 12. Qa4 Nc5 13. Qxc6 Bb7 14. Qb5 Bd4+ 15. Kh1 Rb8 16. Qa5 Re8 17. Nb5 Bg7 18. Qxc7 a6 19. Qxd8 Rbxd8 {0-1 (52) Abdalla,L (2316)-Santos,M (2340) Cuiaba 2012}) 12... Nb6 13. b3 d5 14. e5 dxc4 ({Black should play} 14... f6 $1 $11) 15. Qxd8 Raxd8 16. Ba3 cxb3 17. Bxf8 Bxf1 18. Be7 Rd7 ({Worse is} 18... Bxg2 19. Bxd8 b2 20. Rb1 $18) 19. Rxf1 Rxe7 20. axb3 f6 {[%cal Bf7f6,Bf6e5][%mdl 32]} 21. Bxc6 fxe5 22. f5 gxf5 23. Rxf5 Re6 24. Bf3 c6 25. Bh5 Rf6 26. Rxe5 Rf8 27. Rg5 Kh8 28. Ne4 Nd5 29. Nd6 h6 (29... Ne3 {is interesting.} 30. Nf7+ Kg8 31. Nh6+ Kh8 32. Nf7+) 30. Rf5 Bd4+ 31. Kh1 Rf6 (31... Rb8 {looks sharper.} 32. Rf3 Ne3 33. Bf7 Kg7 34. Be6 Rd8) 32. Rxf6 Bxf6 $14 {[%mdl 4096] Endgame KBN-KBN} 33. Bf3 Nb4 34. Be4 Kg8 35. Kg2 Be7 36. Nf5 Bf8 37. Kh3 Nd5 38. Bxd5+ (38. Nd4 $14) 38... cxd5 {KB-KN. The position is equal.} 39. Ne3 d4 40. Nc4 Kf7 41. Kg4 Ke6 42. Kf3 Kd5 43. Ke2 Kc5 44. Kd3 Bg7 45. g4 Bf6 46. Nd2 {[#] Black must now prevent Ne4+.} Kb4 47. Kc2 Bg5 48. Ne4 Be7 49. Nd2 a5 50. Kd3 Bg5 51. h4 Bxh4 {[#] ...Be1 is the strong threat.} 52. Kxd4 Be1 53. Nc4 Kxb3 (53... Bg3 {feels hotter.} 54. Ke4 Bc7 55. Kf3 Kc3 56. Ke4 a4) 54. Nxa5+ $1 Bxa5 $11 {KB-KP} 55. Ke4 Kc4 {Hoping for ...Kc3.} 56. Kf3 Kd3 {aiming for ...Be1.} 57. Kg3 Ke2 58. Kg2 Bc7 59. Kh1 Kf2 {Threatens to win with ...Kg3.} 60. g5 hxg5 $2 {[%mdl 40960] Precision: White = 63%, Black = 73%. . Loss on Time!?} (60... Be5) 0-1